[Event "1st China Chess King Competition 2024"]
[Site "Chengdu"]
[Date "2024.01.06"]
[Round "2.2"]
[White "Ding, Liren"]
[Black "Bai, Jinshi"]
[Result "1-0"]
[WhiteElo "2780"]
[BlackElo "2586"]
[Annotator "TA"]
[PlyCount "93"]
[EventDate "2024.01.07"]
[EventType "k.o."]
[EventCountry "CHN"]
[SourceTitle "playchess.com"]
[Source "ChessBase"]
[SourceQuality "1"]

{[%evp 11,93,13,29,4,18,11,10,18,9,0,77,80,59,59,66,64,88,83,79,64,110,131,129,37,47,48,47,41,41,48,45,55,90,80,80,80,80,80,90,79,78,80,89,17,31,35,13,0,74,68,66,66,68,68,107,87,68,36,36,35,54,33,52,8,10,8,0,8,8,0,541,512,548,539,595,487,477,427,1420,1125,993,916,785,747]} 1. c4 {[%emt 0:00:02]} c5 {[%emt 0:00:04]} 2. Nf3 {[%emt 0:00:46]} Nf6 {[%emt 0:00:08]} 3. Nc3 {[%emt 0:00:03]} e6 {[%emt 0:00:16]} 4. g3 {[%emt 0:00:33]} d5 {[%emt 0:00:15]} 5. cxd5 {[%emt 0:00:01]} exd5 {[%emt 0:00:02]} 6. d4 {[%emt 0:00:02]} Nc6 {[%emt 0:00:02]} 7. a3 {[%emt 0:00:03] D33: Tarrasch Defence: 6 g3 sidelines.} cxd4 {[%emt 0:00:35]} 8. Nxd4 {[%emt 0:00:02]} Bc5 {[%emt 0:00:02] 8...Be7 is not played anymore.} 9. Be3 {[%emt 0:00:09] The position is equal.} Bb6 {[%emt 0:00:18]} (9... Qb6 $2 10. Na4 Qa5+ 11. Bd2 $18) 10. Bg2 {[%emt 0:00:17] [#]} Ng4 $146 {[%emt 0:02:25]} (10... O-O $11) ({Predecessor:} 10... O-O 11. O-O Re8 12. Na4 Bxd4 13. Bxd4 Nxd4 14. Qxd4 Rxe2 15. Nc3 Rxb2 16. Nxd5 Rb5 {½-½ Keymer,V (2693)-Giri,A (2764) Julius Baer GenCup Prelim rapid 2022 (13)}) 11. Nxd5 $16 {[%emt 0:00:59] Nxc6 is the strong threat.} Nxe3 {[%emt 0:00:05]} 12. fxe3 {[%emt 0:00:01] Hoping for Nxb6.} O-O {[%emt 0:00:25]} 13. O-O {[%emt 0:00:51]} Re8 {[%emt 0:01:57]} 14. Rc1 {[%emt 0:00:24]} Bd7 {[%emt 0:02:57][%cal Oe8e3]} 15. Rc3 {[%emt 0:01:16]} Rc8 {[%emt 0:00:20]} (15... Nxd4 $1 $14 {is superior.} 16. exd4 Bb5) 16. Nb5 {[%emt 0:00:08][%cal Bd4b5,Bb5c3,Bc3d5][%mdl 32] White has more active pieces. A dynamic duo of knights.} Ne5 {[%emt 0:01:14] [#]} 17. Rxc8 {[%emt 0:00:30]} ({Better is} 17. Nd6 $1 $16 Rxc3 18. bxc3) 17... Bxc8 $14 {[%emt 0:00:02]} 18. Nbc3 {[%emt 0:03:21]} Nc4 {[%emt 0:00:55][%csl LRb2,LRe3]} 19. Nxb6 $1 {[%emt 0:00:06]} Qxb6 {[%emt 0:00:28]} 20. Nd5 {[%emt 0:00:02]} (20. Qd4 {simplifies} Nxb2 21. Qxb6 axb6 22. Rc1) 20... Qxb2 {[%emt 0:00:37]} 21. Qa4 {[%emt 0:00:43][%csl LRa7,LRc4,LRe8][%cal Ra4e8]} b5 {[%emt 0:01:00]} 22. Qxa7 {[%emt 0:00:02]} Be6 {[%emt 0:00:01]} 23. Nc7 {[%emt 0:00:42]} Rf8 {[%emt 0:00:02]} 24. Nxe6 {[%emt 0:00:43]} fxe6 {[%emt 0:00:02]} 25. Qe7 {[%emt 0:00:02][%csl Ge7,LRe6,LRf8][%cal Rf1f8]} Rxf1+ {[%emt 0:00:48]} 26. Bxf1 {[%emt 0:00:01][%cal Re7e8]} Qxa3 {[%emt 0:01:09] [#]} 27. Qxe6+ $16 {[%emt 0:00:18][%mdl 4096] Endgame KQB-KQN} ({White should play} 27. Qe8+ $1 $16 Qf8 28. Qxe6+ Kh8 29. Bg2) 27... Kf8 $11 28. Qf5+ {[%emt 0:00:10]} Ke7 {[%emt 0:00:09]} 29. Qg5+ {[%emt 0:00:36]} (29. Qxb5 Qxe3+ 30. Kh1 Qe4+ 31. Bg2 Qxe2) 29... Kf8 {[%emt 0:00:42]} (29... Kd6 $1 $11) 30. Kf2 {[%emt 0:00:32]} Qe7 {[%emt 0:00:36]} 31. Qf4+ {[%emt 0:00:01]} Qf6 {[%emt 0:00:12]} 32. Bg2 b4 {[%emt 0:00:35]} 33. Bd5 {[%emt 0:00:01]} Nb6 {[%emt 0:01:12]} 34. Bb3 {[%emt 0:00:07]} (34. Bf3 {simplifies} Qxf4 35. exf4 b3 36. Be4) 34... Ke7 {[%emt 0:00:06]} 35. Kg2 {[%emt 0:00:16]} Qc3 {[%emt 0:00:22]} 36. Bg8 {[%emt 0:01:05]} h6 {[%emt 0:00:25]} 37. Qe4+ {[%emt 0:00:20]} (37. Qd4 $5 {[%cal Rd4b6]} Nd7 38. Bc4 $16) 37... Kd6 {[%emt 0:00:04]} 38. Qe6+ {[%emt 0:00:04]} Kc5 {[%emt 0:00:17]} 39. e4 {[%emt 0:00:04][%cal Be3e4,Be4e5,Be5e6,Be6e7][%mdl 32]} Qf6 {[%emt 0:00:21] ...Qxe6 would be deadly.} 40. Qe8 {[%emt 0:00:09]} Kd4 $2 {[%emt 0:00:18][%mdl 8192]} (40... Qb2 $11 {and Black is okay.}) 41. Qb5 $18 {[%emt 0:00:01] White is clearly winning.} Qd6 {[%emt 0:00:16] [#]} 42. e5 {[%emt 0:00:04][%mdl 576] Deflection} Qc7 {[%emt 0:00:13]} (42... Qg6 43. Qxb4+) 43. Qxb4+ {[%emt 0:00:03]} Ke3 {[%emt 0:00:04]} 44. e6 {[%emt 0:00:19] Threatens to win with Qa3+.} Nd5 {[%emt 0:00:20]} (44... Qc6+ $142 45. Kh3 Nd5 46. Qb3+ Kxe2 47. Qb2+ Ke3 48. Qe5+ Kf3) 45. Qb3+ {[%emt 0:00:03]} Kd4 {[%emt 0:00:04]} 46. Qxd5+ {[%emt 0:00:06][%mdl 64] Remove Defender, Promotion} Kxd5 {[%emt 0:00:11]} 47. e7+ {[%emt 0:00:01] A cool game by Ding.   Weighted Error Value: White=0.17 (very precise) /Black=0.29 (precise)} 1-0

[Event "1st China Chess King Competition 2024"]
[Site "Chengdu"]
[Date "2024.01.06"]
[Round "2.3"]
[White "Yu, Yangyi"]
[Black "Xu, Xiangyu"]
[Result "1-0"]
[WhiteElo "2720"]
[BlackElo "2623"]
[Annotator "TA"]
[PlyCount "70"]
[EventDate "2024.01.07"]
[EventType "k.o."]
[EventCountry "CHN"]
[SourceTitle "playchess.com"]
[Source "ChessBase"]
[SourceQuality "1"]

{[%evp 15,70,16,28,10,8,12,22,12,27,26,31,0,6,6,65,57,69,69,69,66,72,72,72,72,72,72,78,72,99,85,119,96,119,119,119,118,118,118,113,109,112,106,116,109,139,131,195,191,185,182,192,185,426,411,593,593,29993]} 1. e4 c5 {[%emt 0:00:01]} 2. Nf3 d6 {[%emt 0:00:01]} 3. d4 cxd4 {[%emt 0:00:02]} 4. Nxd4 {[%emt 0:00:01]} Nf6 {[%emt 0:00:01]} 5. Nc3 {[%emt 0:00:01]} a6 6. Be3 e5 7. Nf3 Be7 {[%emt 0:00:02]} 8. Bc4 {[%emt 0:00:01]} Be6 {[%emt 0:00:27]} 9. Bb3 {[%emt 0:00:03] B90: Sicilian Najdorf: Unusual White 6th moves, 6 Be3 Ng4 and 6 Be3 e5.} Nbd7 {[%emt 0:00:16]} 10. O-O {[%emt 0:00:04]} Rc8 {[%emt 0:00:23]} 11. Re1 $5 {[%emt 0:00:12][%mdl 4] The position is equal. A promising side line.} h6 {[%emt 0:00:03] [#]} 12. Nh4 $5 $146 {[%emt 0:00:12][%mdl 8] An interesting novelty.} ({Predecessor:} 12. Bxe6 fxe6 13. Nh4 Nf8 14. g3 g5 15. Ng2 Ng6 16. Rf1 d5 17. exd5 exd5 18. Qd3 {½-½ Eswaran,A (2244)-Vantika,A (2286) Speed Chess (Women) Q8 blitz 2021 (13)}) 12... O-O {[%emt 0:00:27]} 13. Nf5 {[%emt 0:00:02]} Bxf5 {[%emt 0:00:15]} 14. exf5 {[%emt 0:00:01]} Qc7 {[%emt 0:00:03]} (14... Nc5 $11) 15. Qf3 {[%emt 0:00:15]} Nb6 {[%emt 0:00:31]} 16. Bxb6 {[%emt 0:00:10]} Qxb6 {[%emt 0:00:01]} 17. Rad1 {[%emt 0:00:03]} Qc6 {[%emt 0:00:19]} 18. Nd5 {[%emt 0:00:06]} Nxd5 {[%emt 0:00:06]} 19. Rxd5 b5 {[%emt 0:00:06] Black is weak on the light squares} 20. c3 {[%emt 0:00:22]} a5 {[%emt 0:00:06]} 21. a3 {[%emt 0:00:05]} Qb6 {[%emt 0:00:07]} 22. g3 {[%emt 0:00:23]} Rc5 {[%emt 0:00:02]} 23. h4 {[%emt 0:00:10]} Rxd5 {[%emt 0:00:10]} 24. Qxd5 {[%emt 0:00:01]} (24. Bxd5 Rc8 $14) 24... Bf6 {[%emt 0:00:10]} 25. Rd1 {[%emt 0:00:02][%cal Be1d1,Bd1d3,Bd3d5,Bd5b5][%mdl 32]} Be7 {[%emt 0:00:04]} 26. Kg2 {[%emt 0:00:03]} Qa6 {[%emt 0:00:05]} 27. Qe4 {[%emt 0:00:14] White is much more active.} Qb6 {[%emt 0:00:05]} 28. Rd3 {[%emt 0:00:02]} Bf6 {[%emt 0:00:03]} 29. Rd5 {[%emt 0:00:02]} Rd8 {[%emt 0:00:02]} 30. Qd3 {[%emt 0:00:03]} b4 {[%emt 0:00:02]} (30... Qb7 $16 31. f3 (31. Qxb5 Rb8 $16) 31... b4 32. cxb4 (32. Rxa5 bxa3 33. Rb5 Qa8 $16) (32. Rxd6 Rxd6 33. Qxd6 bxc3 $11) 32... axb4) 31. cxb4 $18 {[%emt 0:00:03]} axb4 {[%emt 0:00:01]} 32. a4 {[%emt 0:00:01]} e4 {[%emt 0:00:02]} 33. Qxe4 {[%emt 0:00:03] Black must now prevent Rb5.} Bxb2 $2 {[%emt 0:00:04] [#]} (33... Qc6 34. Qxb4 Bxb2) 34. Rb5 Qd4 {[%emt 0:00:04]} (34... Qc7 $142 35. Rb7 {[%mdl 64] Deflection} Qc8 36. Rxf7 Kh8) 35. Qe7 {[%emt 0:00:03]} ({Less strong is} 35. Rxb4 Qxe4+ 36. Rxe4 Bc3 $18) 35... Rf8 {[%emt 0:00:04] Weighted Error Value: White=0.05 (flawless) /Black=0.31} 1-0

[Event "1st China Chess King Competition 2024"]
[Site "Chengdu"]
[Date "2024.01.06"]
[Round "2.3"]
[White "Wang, Hao"]
[Black "Huang, Renjie"]
[Result "1/2-1/2"]
[WhiteElo "2702"]
[BlackElo "2513"]
[Annotator "TA"]
[PlyCount "42"]
[EventDate "2024.01.07"]
[EventType "k.o."]
[EventCountry "CHN"]
[SourceTitle "playchess.com"]
[Source "ChessBase"]
[SourceQuality "1"]

{[%evp 15,38,0,0,0,13,6,6,0,16,0,0,0,0,0,0,0,96,0,0,0,0,0,0,0,0]} 1. e4 {[%emt 0:00:02]} e5 2. Nf3 {[%emt 0:00:02]} Nc6 {[%emt 0:00:01]} 3. Bc4 {[%emt 0:00:07]} Bc5 {[%emt 0:00:02]} 4. c3 {[%emt 0:00:02]} Nf6 {[%emt 0:00:03]} 5. d4 {[%emt 0:00:23]} exd4 {[%emt 0:00:15]} 6. e5 {[%emt 0:00:27]} d5 {[%emt 0:00:02]} 7. Bb5 {[%emt 0:00:01]} Ne4 {[%emt 0:00:04]} 8. cxd4 {[%emt 0:00:02]} Bb6 {[%emt 0:00:02]} 9. Nc3 {[%emt 0:00:02] C54: Giuoco Piano: 4 c3 Nf6, main lines with 5 d4 and 5 d3.} Bg4 {[%emt 0:00:16]} 10. Be3 {[%emt 0:00:08]} O-O {[%emt 0:00:03]} 11. h3 {[%emt 0:00:01]} Bh5 {[%emt 0:00:03]} 12. Qc2 {[%emt 0:00:03]} Ba5 {[%emt 0:00:02] 12...Nxc3 gains popularity.} 13. O-O {[%emt 0:00:10]} Bxf3 {[%emt 0:00:22]} 14. gxf3 {[%emt 0:00:02]} Nxd4 {[%emt 0:00:18]} 15. Bxd4 {[%emt 0:00:03]} Bxc3 {[%emt 0:00:27] [#]} (15... Qg5+ $1 $11 16. Kh1 Bxc3 17. Bxc3 (17. bxc3 Qf5 $11) 17... Qf5) 16. bxc3 {[%emt 0:00:20]} ({Don't play} 16. Bxc3 $6 Qg5+ 17. Kh2 (17. Kh1 Qf5 $11) 17... Qf4+ 18. Kg1 Qg5+ 19. Kh2 (19. Kh1 Qf5 $11) 19... Qf4+ 20. Kg2 (20. Kg1 Qg5+ $11) 20... Qg5+ 21. Kh2 $11 (21. Kh1 Qf5 $11)) (16. Be3 $1 $16 Ng5 17. bxc3 (17. Qxc3 Nxf3+ 18. Kg2 d4 $17)) 16... Qg5+ $1 $11 {[%emt 0:00:04] The position is equal.} 17. Kh1 {[%emt 0:00:02]} Qf5 {[%emt 0:00:02][%csl LRf3,LRh3]} 18. fxe4 {[%emt 0:00:02]} Qxh3+ {[%emt 0:00:05]} 19. Kg1 {[%emt 0:00:01]} Qg4+ {[%emt 0:00:02] [#]   Weighted Error Value: White=0.14 (very precise) /Black=0.14 (very precise)} {Predecessor:} 20. Kh2 $146 Qh4+ 21. Kg2 Qg4+ {½-½ Brkic,A (2560)-Martinovic,S (2555) CRO-ch Bjelovar 2019 (4)} 1/2-1/2

[Event "1st China Chess King Competition 2024"]
[Site "Chengdu"]
[Date "2024.01.06"]
[Round "2.4"]
[White "Yu, Yangyi"]
[Black "Xu, Xiangyu"]
[Result "1/2-1/2"]
[WhiteElo "2720"]
[BlackElo "2623"]
[Annotator "TA"]
[PlyCount "122"]
[EventDate "2024.01.07"]
[EventType "k.o."]
[EventCountry "CHN"]
[SourceTitle "playchess.com"]
[Source "ChessBase"]
[SourceQuality "1"]

{[%evp 18,122,15,2,45,0,0,0,17,2,14,0,26,19,23,0,12,0,0,0,0,0,0,0,0,0,0,0,0,0,0,0,0,0,8,7,0,0,17,12,13,12,15,12,12,12,12,12,16,13,10,6,6,6,6,6,77,77,77,77,78,82,92,92,106,107,129,106,125,106,148,92,123,99,106,0,119,92,96,81,125,125,125,125,125,121,125,125,125,106,106,66,73,0,0,0,0,0,0,0,0,0,0,0,0,0,0]} 1. e4 {[%emt 0:00:01]} c5 {[%emt 0:00:02]} 2. Nf3 {[%emt 0:00:02]} d6 {[%emt 0:00:02]} 3. d4 {[%emt 0:00:02]} cxd4 {[%emt 0:00:02]} 4. Nxd4 {[%emt 0:00:01]} Nf6 {[%emt 0:00:02]} 5. Nc3 {[%emt 0:00:01]} a6 {[%emt 0:00:02]} 6. g3 {[%emt 0:00:23]} e5 {[%emt 0:00:36]} 7. Nb3 {[%emt 0:00:02]} Be7 {[%emt 0:00:13]} 8. Bg2 {[%emt 0:00:04]} O-O {[%emt 0:00:14]} 9. O-O {[%emt 0:00:03]} Qc7 {[%emt 0:01:17]} 10. a4 {[%emt 0:00:23]} Bg4 {[%emt 0:00:55] B91: Sicilian Najdorf: 6 g3.} 11. Bf3 {[%emt 0:00:20]} Be6 {[%emt 0:00:45]} 12. Re1 {[%emt 0:00:14] [#]} Nbd7 $146 {[%emt 0:00:06]} ({Predecessor:} 12... Rc8 13. a5 Nbd7 14. Nd2 b5 15. axb6 Nxb6 16. Nf1 a5 17. Ne3 a4 18. Bd2 Nc4 19. Nxc4 Qxc4 20. Rxa4 Rxa4 {½-½ Wei,Y (2707)-Vachier Lagrave,M (2804) Wch Rapid Doha 2016 (1)}) 13. Nd2 {[%emt 0:01:05]} Rfc8 {[%emt 0:02:18]} 14. Nf1 {[%emt 0:00:12]} Rab8 {[%emt 0:00:24]} 15. a5 {[%emt 0:02:00]} Bd8 {[%emt 0:01:30]} 16. Be3 {[%emt 0:03:04]} h6 {[%emt 0:01:20]} 17. h4 {[%emt 0:00:16]} b6 {[%emt 0:01:06]} 18. axb6 {[%emt 0:00:03]} Nxb6 {[%emt 0:00:01]} 19. Bc1 {[%emt 0:00:09]} a5 {[%emt 0:00:05]} 20. Ne3 {[%emt 0:00:43]} Nc4 {[%emt 0:00:08]} 21. b3 {[%emt 0:00:42]} Nxe3 {[%emt 0:00:19]} 22. Rxe3 {[%emt 0:00:02]} Qc6 {[%emt 0:00:19]} 23. Rd3 {[%emt 0:00:21]} Bb6 {[%emt 0:00:08]} 24. Be3 {[%emt 0:00:13]} Bxe3 {[%emt 0:01:08]} 25. Rxe3 {[%emt 0:00:01]} Qc5 {[%emt 0:00:06]} 26. Rd3 {[%emt 0:02:06]} Rb4 {[%emt 0:00:18]} 27. Ra2 {[%emt 0:00:04]} Bd7 {[%emt 0:02:26]} 28. Nd5 {[%emt 0:00:22]} Nxd5 {[%emt 0:00:03]} 29. Rxd5 {[%emt 0:00:02]} Rd4 $1 {[%emt 0:00:06]} 30. Rxd4 {[%emt 0:01:00]} (30. Rxc5 {simplifies} Rxd1+ 31. Bxd1 Rxc5 32. f3) 30... exd4 {[%emt 0:00:09]} 31. Qd2 {[%emt 0:00:06]} Be6 {[%emt 0:01:42]} 32. Be2 {[%emt 0:03:03]} a4 {[%emt 0:00:50][%mdl 64] Deflection} 33. Rxa4 {[%emt 0:00:06] Black must now prevent Bd1.} Qxc2 {[%emt 0:00:02]} 34. Rxd4 {[%emt 0:00:45]} (34. Qxc2 {simplifies} Rxc2 35. Kf1 Bxb3 36. Rxd4 Rc1+ 37. Kg2) 34... Qb1+ {[%emt 0:00:13]} 35. Bd1 $1 {[%emt 0:00:24]} ({Wrong is} 35. Qd1 $2 Rc1 36. Rxd6 Kf8 $19) 35... Bxb3 {[%emt 0:00:20]} 36. Kg2 {[%emt 0:00:06]} Be6 {[%emt 0:00:40]} (36... Qxd1 $11 37. Qxd1 Bxd1 38. Rxd1 Rc6) 37. Rb4 $16 {[%emt 0:00:28]} ({Reject} 37. Rxd6 Qxe4+ 38. Bf3 Bh3+ 39. Kxh3 Qxf3 $11) 37... Qa1 {[%emt 0:00:13]} 38. Qxd6 {[%emt 0:00:22]} Rc1 {[%emt 0:00:09]} 39. Rd4 {[%emt 0:00:27]} Kh7 {[%emt 0:00:18][%cal Oh6h5]} 40. h5 {[%emt 0:00:13]} Qc3 {[%emt 0:00:11]} 41. Rd2 $1 {[%emt 0:00:23]} Qa5 {[%emt 0:00:28]} 42. Qd4 {[%emt 0:00:27]} Qb5 {[%emt 0:00:40]} 43. Be2 {[%emt 0:00:19]} Qa5 {[%emt 0:00:08] [#]} 44. Rd1 {[%emt 0:00:28]} ({White should play} 44. e5 $1) 44... Rc8 {[%emt 0:00:11]} 45. Ra1 {[%emt 0:00:12]} Qc7 {[%emt 0:00:06]} 46. Rd1 {[%emt 0:00:08]} Qa5 $1 {[%emt 0:00:04]} 47. Qd2 {[%emt 0:00:09]} Qe5 {[%emt 0:00:05]} 48. Qf4 {[%emt 0:00:07]} Qc3 {[%emt 0:00:18]} 49. Bg4 {[%emt 0:00:09]} Bxg4 {[%emt 0:00:24]} 50. Qxg4 {[%emt 0:00:02][%mdl 4096] Endgame KQR-KQR} Qc4 {[%emt 0:00:06]} 51. Rd7 {[%emt 0:00:12][%cal Od7f7] Hoping for Rxf7! White is more active.} Re8 {[%emt 0:00:06]} 52. Qf5+ {[%emt 0:00:27]} Kg8 {[%emt 0:00:02]} 53. e5 {[%emt 0:00:18]} Qa2 {[%emt 0:00:08]} 54. Rd4 {[%emt 0:00:10]} Qa5 {[%emt 0:00:15] [#]} 55. Re4 {[%emt 0:00:10]} (55. f4 $1 $16) 55... f6 $11 {[%emt 0:00:32] The position is equal.} 56. f4 {[%emt 0:00:16]} Qd2+ {[%emt 0:00:02]} 57. Kh3 {[%emt 0:00:03]} Qd1 {[%emt 0:00:07]} 58. e6 {[%emt 0:00:16]} Qh1+ {[%emt 0:00:02]} 59. Kg4 {[%emt 0:00:01]} Qd1+ {[%emt 0:00:01]} 60. Kh4 {[%emt 0:00:03]} Qh1+ {[%emt 0:00:03]} 61. Kg4 {[%emt 0:00:02]} Qd1+ {[%emt 0:00:03] Weighted Error Value: White=0.12 (very precise) /Black=0.10 (very precise)} 1/2-1/2

[Event "1st China Chess King Competition 2024"]
[Site "Chengdu"]
[Date "2024.01.06"]
[Round "2.4"]
[White "Xu, Xiangyu"]
[Black "Yu, Yangyi"]
[Result "0-1"]
[WhiteElo "2623"]
[BlackElo "2720"]
[Annotator "TA"]
[PlyCount "86"]
[EventDate "2024.01.07"]
[EventType "k.o."]
[EventCountry "CHN"]
[SourceTitle "playchess.com"]
[Source "ChessBase"]
[SourceQuality "1"]

{[%evp 17,86,20,35,16,28,22,43,45,35,37,38,38,42,38,72,60,67,12,70,75,54,55,64,67,36,21,19,16,8,10,35,33,43,47,105,127,147,0,-6,-294,-302,-461,-222,-218,-185,-220,-139,-137,-116,-129,-56,-170,-187,-361,-240,-239,-218,-231,-221,-306,-254,-402,-233,-499,-300,-29997,0,-454,0,-1007,-984]} 1. d4 {[%emt 0:00:02]} Nf6 {[%emt 0:00:01]} 2. Bf4 {[%emt 0:00:01]} d5 {[%emt 0:00:02]} 3. e3 {[%emt 0:00:01]} Bf5 {[%emt 0:00:06]} 4. Nd2 {[%emt 0:00:11]} e6 {[%emt 0:00:02]} 5. c4 {[%emt 0:00:07]} Nbd7 {[%emt 0:00:09]} 6. Qb3 {[%emt 0:00:07]} dxc4 {[%emt 0:00:04]} 7. Bxc4 {[%emt 0:00:05]} Nb6 {[%emt 0:00:03]} 8. Ngf3 {[%emt 0:00:03]} Bd6 {[%emt 0:00:03]} 9. Bg5 {[%emt 0:00:02]} Be7 {[%emt 0:00:10]} 10. O-O {[%emt 0:00:04] D02: 1 d4 d5 2 Nf3 sidelines, including 2...Nf6 3 g3 and 2...Nf6 3 Bf4.} O-O {[%emt 0:00:02]} 11. Rac1 {[%emt 0:00:04]} Ne4 {[%emt 0:00:03]} 12. Bxe7 {[%emt 0:00:06] White is slightly better.} Qxe7 {[%emt 0:00:04]} 13. Be2 {[%emt 0:00:26] [#]} Nxd2 $146 {[%emt 0:00:10]} ({Predecessor:} 13... c6 14. Rfd1 Rfd8 15. a4 Nd5 16. a5 a6 17. Nxe4 Bxe4 18. Nd2 Bg6 19. Bf3 Nf6 {½-½ Trojan,L (2084)-Smid,J (2074) CZE-chT2D 0809 2008 (6.6)}) 14. Nxd2 {[%emt 0:00:02]} c6 {[%emt 0:00:05]} 15. a4 {[%emt 0:00:07][%cal Ba2a4,Ba4a5][%mdl 32]} Rab8 {[%emt 0:00:32]} 16. a5 {[%emt 0:00:02]} Nd7 {[%emt 0:00:01]} 17. Bf3 {[%emt 0:00:13]} ({White should try} 17. e4 $14 Bg6 18. f3) 17... Rfc8 {[%emt 0:00:08]} (17... e5 $11) 18. Rfd1 $14 {[%emt 0:00:14]} h6 19. Nc4 {[%emt 0:00:09]} Bg6 {[%emt 0:00:33]} 20. h3 {[%emt 0:00:04]} (20. a6 $5 {[%cal Ra6b7]} b6 21. Na3 $14) 20... b5 {[%emt 0:00:09]} 21. Ne5 {[%emt 0:00:09]} Nxe5 {[%emt 0:00:03]} 22. dxe5 {[%emt 0:00:01]} c5 {[%emt 0:00:03][%cal Bc6c5,Bc5c4][%mdl 32]} 23. Rd6 {[%emt 0:00:01]} c4 {[%emt 0:00:10]} (23... Qg5 $5 {[%cal Rg5e5]}) 24. Qb4 Rc7 {[%emt 0:00:15]} 25. a6 {[%emt 0:00:03]} Qg5 {[%emt 0:00:21]} (25... f6 $14) 26. Qa5 $16 {[%emt 0:00:21]} Rcc8 27. Bb7 $2 {[%emt 0:00:46]} (27. Qc3 $16) 27... Qxe5 $11 {[%emt 0:00:02]} 28. Rd7 {[%emt 0:00:01][%mdl 8192]} (28. Rd4 $11 {and White has nothing to worry.} Rc7 29. b3) 28... Qxb2 $19 {[%emt 0:00:04]} 29. Rcd1 {[%emt 0:00:05]} (29. Rf1 {was called for.} Rc5 30. Rd2) 29... Rf8 {[%emt 0:00:06]} (29... c3 $142 30. Bxc8 Rxc8) 30. R7d2 {[%emt 0:00:06]} Qe5 {[%emt 0:00:04]} 31. Rd4 {[%emt 0:00:07]} Qc5 {[%emt 0:00:04]} 32. Rc1 {[%emt 0:00:02]} Qg5 {[%emt 0:00:14]} 33. h4 {[%emt 0:00:02] [#]} Qf5 {[%emt 0:00:02]} (33... Qe7 $1 $17 {...Rxb7 is the strong threat.} 34. Qxb5 Bd3) 34. g4 {[%emt 0:00:05] [#]} (34. Rd7 $15) 34... Qf6 $1 {[%emt 0:00:04] Hoping for ...e5.} 35. h5 $2 {[%emt 0:00:03]} (35. Qxb5 e5 36. Rdxc4) 35... Bd3 {[%emt 0:00:02]} 36. Qxb5 {[%emt 0:00:02]} Qe7 {[%emt 0:00:04]} 37. Qa5 {[%emt 0:00:05]} Rfd8 {[%emt 0:00:02]} 38. Qc3 {[%emt 0:00:01]} Qg5 {[%emt 0:00:03]} 39. Ra1 {[%emt 0:00:04]} (39. Rf4 $142) 39... Qh4 {[%emt 0:00:02]} (39... Rxd4 $142 40. Qxd4 Rd8) 40. Ra5 $2 {[%emt 0:00:01]} (40. Rf4) 40... Qh3 {[%emt 0:00:02]} 41. Bg2 $2 {[%emt 0:00:01]} (41. Ra1 $19) 41... Qh4 {[%emt 0:00:02]} (41... Rb1+ $142 42. Qe1 Rxe1+ 43. Bf1 Rxf1#) 42. Bb7 $1 {[%emt 0:00:02]} Qh3 $2 {[%emt 0:00:01]} (42... Rxd4 $19 43. Qxd4 Rd8) 43. Qe1 $2 {[%emt 0:00:03][%mdl 8192]} (43. Bg2 $11 Rb1+ 44. Qe1 Rxe1+ 45. Bf1 Rxf1#) 43... Rxd4 {[%emt 0:00:02] Weighted Error Value: White=0.78/Black=0.73} 0-1